00277nam a22001097a 4500008004100000020001800041041000800059080000800067100000700075101000800082245007700090181004b xxu||||| |||| 00| 0 eng d a9780394543956 aeng a941 a16 aHIS aThe Creators A History Of Heroes Of The ImaginationcDaniel.J /B